The art of the leader

সংরক্ষণ করুন:
গ্রন্থ-পঞ্জীর বিবরন
প্রধান লেখক: Cohen, William A.
বিন্যাস: গ্রন্থ
ভাষা:Undetermined
প্রকাশিত: New Jersey Prentice Hall 1990
বিষয়গুলি:
ট্যাগগুলো: ট্যাগ যুক্ত করুন
কোনো ট্যাগ নেই, প্রথমজন হিসাবে ট্যাগ করুন!
Thư viện lưu trữ: Trung tâm Học liệu Trường Đại học Cần Thơ
LEADER 00463nam a2200181Ia 4500
001 CTU_99516
008 210402s9999 xx 000 0 und d
082 |a 658.4 
082 |b C678 
100 |a Cohen, William A. 
245 4 |a The art of the leader 
245 0 |c William A. Cohen 
260 |a New Jersey 
260 |b Prentice Hall 
260 |c 1990 
650 |a Leadership 
904 |i Tuyến 
980 |a Trung tâm Học liệu Trường Đại học Cần Thơ